Roman wives, Roman widows : (Record no. 28852)
[ view plain ]
| 000 -LEADER | |
|---|---|
| fixed length control field | 00979nam a2200229 4500 |
| 008 - FIXED-LENGTH DATA ELEMENTS--GENERAL INFORMATION | |
| fixed length control field | 070402s2003 miu b 001 0 eng |
| 020 ## - INTERNATIONAL STANDARD BOOK NUMBER | |
| International Standard Book Number | 0802849717 :USD19.56 |
| 090 ## - LOCALLY ASSIGNED LC-TYPE CALL NUMBER (OCLC); LOCAL CALL NUMBER (OCLC) | |
| Classification number (OCLC) (R) ; Classification number, CALL (RLIN) (NR) | BR195.W6 |
| Local cutter number (OCLC) ; Book number/undivided call number, CALL (RLIN) | W73r |
| 100 1# - MAIN ENTRY--PERSONAL NAME | |
| Personal name | Winter, Bruce W. |
| 245 10 - TITLE STATEMENT | |
| Title | Roman wives, Roman widows : |
| Remainder of title | the appearance of new women and the Pauline communities / |
| Statement of responsibility, etc | Bruce W. Winter. |
| 260 ## - PUBLICATION, DISTRIBUTION, ETC. (IMPRINT) | |
| Place of publication, distribution, etc | Grand Rapids, Mich. : |
| Name of publisher, distributor, etc | W.B. Eerdmans Pub., |
| Date of publication, distribution, etc | c2003. |
| 300 ## - PHYSICAL DESCRIPTION | |
| Extent | xvii, 236 p. ; |
| Dimensions | 24 cm. |
| 504 ## - BIBLIOGRAPHY, ETC. NOTE | |
| Bibliography, etc | Includes bibliographical references (p. 212-223) and index. |
| 650 #4 - SUBJECT ADDED ENTRY--TOPICAL TERM | |
| Topical term or geographic name as entry element | Sex role |
| General subdivision | Religious aspects |
| -- | Christianity. |
| 650 #4 - SUBJECT ADDED ENTRY--TOPICAL TERM | |
| Topical term or geographic name as entry element | Social classes |
| Geographic subdivision | Rome. |
| 650 #4 - SUBJECT ADDED ENTRY--TOPICAL TERM | |
| Topical term or geographic name as entry element | Women in Christianity |
| General subdivision | History |
| Chronological subdivision | Early church, ca. 30-600. |
| 650 #4 - SUBJECT ADDED ENTRY--TOPICAL TERM | |
| Topical term or geographic name as entry element | Women |
| General subdivision | Biblical teaching. |
| 650 #4 - SUBJECT ADDED ENTRY--TOPICAL TERM | |
| Topical term or geographic name as entry element | Women |
| General subdivision | Religious aspects |
| -- | Christianity |
| -- | History of doctrines |
| Chronological subdivision | Early church, ca. 30-600. |
| 651 #4 - SUBJECT ADDED ENTRY--GEOGRAPHIC NAME | |
| Geographic name | Rome |
| General subdivision | Social life and customs. |
| 951 ## - EQUIVALENCE OR CROSS-REFERENCE-GEOGRAPHIC NAME/AREA NAME [OBSOLETE] [CAN/MARC only] | |
| General subdivision | 00038856 |
| 951 ## - EQUIVALENCE OR CROSS-REFERENCE-GEOGRAPHIC NAME/AREA NAME [OBSOLETE] [CAN/MARC only] | |
| -- | 30418 |
| -- | BR195.W6/W73r |
| -- | 070613111634109 |
| -- | 2000-12-21 |
| -- | GC |
| Withdrawn status | Lost status | Damaged status | Not for loan | Home library | Current library | Shelving location | Date acquired | Accession number | Shelving control number | Total Checkouts | Full call number | Barcode | Date last seen | Price effective from | Koha item type |
|---|---|---|---|---|---|---|---|---|---|---|---|---|---|---|---|
| BSOP Library | BSOP Library | GC | 12/21/2000 | 30418 | 127 | BR195.W6/W73r | 00038856 | 02/23/2013 | 02/23/2013 | Books |
